Statistics for 1930s Movie Characters by Picture

Click here to take the quiz!

General Stats

  • This quiz has been taken 69 times
  • The average score is 7 of 16

Answer Stats

Answer% Correct
Dorothy Gale
90%
Snow White
90%
Count Dracula
82%
Frankenstein's monster
71%
Robin Hood, Lady Marian
67%
Scarlett O'Hara
65%
Wicked witch of the west
51%
The Bride of Frankenstein
47%
The Tramp
39%
Jefferson Smith, Joseph Paine
37%
Captain Bligh
31%
Charlie Chan
22%
Nick and Nora Charles, Asta
22%
Tony "Scarface" Camonte
12%
Mr. Deeds, Babe bennett
10%
Count Zaroff, Robert Rainsford
0%

Score Distribution

Percentile by Number Answered

Percent of People with Each Score

Your Score History

You have not taken this quiz